| Tag |
First Indicator |
Second Indicator |
Subfields |
| LEADER |
00000cam a2200000 i 4500 |
| 001 |
in00000798413 |
| 005 |
20151017083409.0 |
| 008 |
780711m19769999dcu f00010 eng d |
| 010 |
|
|
|a gp 78018645
|
| 020 |
|
|
|c pbk.
|
| 035 |
|
|
|a (OCoLC)04055428
|
| 035 |
|
|
|9 ADR7395AM
|
| 040 |
|
|
|c GPO
|d MvI-cor
|d UtOrBLW
|
| 043 |
|
|
|a n-us---
|
| 086 |
|
|
|a TD 4.8/2:1350.19/
|
| 110 |
1 |
|
|a United States.
|b Federal Aviation Administration.
|
| 245 |
1 |
0 |
|a Protecting the privacy of information about individuals.
|
| 264 |
|
1 |
|a Washington :
|b Dept. of Transportation, Federal Aviation Administration,
|c 1976-
|
| 300 |
|
|
|a volumes ;
|c 27 cm.
|
| 336 |
|
|
|a text
|b txt
|2 rdacontent
|
| 337 |
|
|
|a unmediated
|b n
|2 rdamedia
|
| 338 |
|
|
|a volume
|b nc
|2 rdacarrier
|
| 490 |
1 |
|
|a Order - Federal Aviation Administration ; 1350.19
|
| 500 |
|
|
|a Loose-leaf for updating.
|
| 610 |
1 |
0 |
|a United States.
|b Federal Aviation Administration
|x Records and correspondence.
|
| 810 |
1 |
|
|a United States.
|b Federal Aviation Administration.
|t Order - Federal Aviation Administration ;
|v 1350.19.
|
| 999 |
|
|
|a MARS
|
| 999 |
f |
f |
|s 4d9a9fe1-d6e3-3782-ac54-a3eed4bd25a8
|i 54ea24b6-31e4-3fa9-ad93-fdfc950fc2bd
|t 0
|
| 952 |
f |
f |
|p normal
|a Texas A&M University
|b College Station
|c Sterling C. Evans Library
|d Evans: US Documents (Annex 5th floor)
|t 0
|e TD 4.8/2: 1350.19/
|h Superintendent of Documents classification
|i unmediated -- volume
|m A14838448629
|
| 998 |
f |
f |
|a TD 4.8/2: 1350.19/
|t 0
|l Evans: US Documents (Annex 5th floor)
|